000 00351nam a2200133Ia 4500
005 20251222144805.0
008 251222s9999||||xx |||||||||||||| ||spa||
020 _a1-886938-73-3
082 _a333.751/K36
100 _aKeipi, Kari
245 0 _aPolíticas Forestales en América Latina
264 _bBanco Interamericano de Desarrollo
942 _cLIB
999 _c19886
_d19886